1020 1192 1527 1620 1300 1080 1815 1576 1058 1613 1873 1930 1551 1078 1249 1820 1494 1152 1689 1108 1660 1093 1800 1629 1804 1428 1441 1875 1527 1036 1893 1046 1869 1406 1973 1545 1705 1106 1307 1362 1978 1787 1147 1410 1614 1452 1303 1893 1697 1729 1815 1301 1913 1023 1143 1331 1176 1539 1779 1999 1397 1901 1949 1873 1092 1315 1875 1426 1024 1006 1836 1288 1455 1336 1778 1628 1786 1876 1321 1380 1348 1320 1312 1009 1196 1504 1353 1044 1621 1041 1715 1573 1196 1233 1195 1931 1309 1767 1998 BCNSPRNW ULIB Ver.6.0+V

เปลี่ยนเป็นภาษาไทย

Change to English
 แสดงรายละเอียดบรรณานุกรม
  กลับหน้าหลัก

Brief Record : Get Marc (ISO 2709) : E-mail record : QR code < ปิดหน้าต่าง
LEADER : 00000nam 2200000uu 4500
001    13399127657
003     ULIB
008    210315s2563||||th 000 0 tha d
020    ^a9786164434141
060    ^aWY152.5^bม647
100    ^aสุวรรณี สิริเลิศตระกูล,^eบรรณาธิการ
245    ^aมาตรฐานการปฏิบัติการพยาบาลคลินิก : การดูแลผู้ป่วยคาสายสวนหลอดเลือดดำส่วนกลาง =^bStandard of clinical nursing practice : central venous access devices care /^cบรรณาธิการโดย สุวรรณี สิริเลิศตระกูล, วัลลภัทร์ จันทร์ขจร.
250    ^aพิมพ์ครั้งที่ 1
260    ^aกรุงเทพฯ :^bองค์กรการบริหารการพยาบาล คณะแพทยศาสตร์โรงพยาบาลรามาธิบดี มหาวิทยาลัยมหิดล,^c2563
300    ^a99 หน้า^bภาพประกอบ
650    ^aการใช้สายสวนหลอดเลือดดำส่วนกลาง -- การพยาบาล
650    ^aการใช้สายสวนหลอดเลือดดำส่วนกลาง -- วิธีการ
650    ^aการปฏิบัติการพยาบาลคลินิก^xมาตรฐาน
650    ^aผู้ป่วยคาสายสวนหลอดเลือดดำส่วนกลาง^xการดูแล
700    ^aวัลลภัทร์ จันทร์ขจร,^eบรรณาธิการ
710    ^aมหาวิทยาลัยมหิดล.^bคณะแพทยศาสตร์โรงพยาบาลรามาธิบดี.
945    ^p400^l0^i28716
945    ^p400^l0^i28717
945    ^p400^l0^i28718
945    ^p400^l0^i28719
945    ^p400^l0^i28720
945    ^p400^l0^i28721
945    ^p400^l0^i28722
945    ^p400^l0^i28723
945    ^p400^l0^i28724
945    ^p400^l0^i28725
999    ^aกัณชพร จุลอักษร
รายการนี้ยังไม่มีแท็ก
คุณยังไม่ได้ล็อกอิน คุณสามารถมีกิจกรรมร่วมกับเว็บไซต์ได้ แต่ต้องล็อกอินก่อน ::
  ล็อกอิน

รายการสื่อสารสนเทศ

ลำดับที่ ประเภท เลขเรียก/บาร์โค้ด สถานที่ สถานะ
1. หนังสือสำรอง
หนังสือสำรอง
WY152.5 ม647 ฉ.1 
  Barcode: 28716
ห้องสมุดวิทยาเขตนครสวรรค์
►หนังสือทั่วไป:l:General Books
บนชั้น
2. วิทยาศาสตร์การแพทย์ และสุขภาพ
วิทยาศาสตร์การแพทย์ และสุขภาพ
WY152.5 ม647 ฉ.10 
  Barcode: 28725
ห้องสมุดวิทยาเขตนครสวรรค์
►หนังสือทั่วไป:l:General Books
บนชั้น
3. วิทยาศาสตร์การแพทย์ และสุขภาพ
วิทยาศาสตร์การแพทย์ และสุขภาพ
WY152.5 ม647 ฉ.2 
  Barcode: 28717
ห้องสมุดวิทยาเขตนครสวรรค์
►หนังสือทั่วไป:l:General Books
บนชั้น
4. วิทยาศาสตร์การแพทย์ และสุขภาพ
วิทยาศาสตร์การแพทย์ และสุขภาพ
WY152.5 ม647 ฉ.3 
  Barcode: 28718
ห้องสมุดวิทยาเขตนครสวรรค์
►หนังสือทั่วไป:l:General Books
บนชั้น
5. วิทยาศาสตร์การแพทย์ และสุขภาพ
วิทยาศาสตร์การแพทย์ และสุขภาพ
WY152.5 ม647 ฉ.4 
  Barcode: 28719
ห้องสมุดวิทยาเขตนครสวรรค์
►หนังสือทั่วไป:l:General Books
บนชั้น
6. วิทยาศาสตร์การแพทย์ และสุขภาพ
วิทยาศาสตร์การแพทย์ และสุขภาพ
WY152.5 ม647 ฉ.5 
  Barcode: 28720
ห้องสมุดวิทยาเขตนครสวรรค์
►หนังสือทั่วไป:l:General Books
บนชั้น
7. วิทยาศาสตร์การแพทย์ และสุขภาพ
วิทยาศาสตร์การแพทย์ และสุขภาพ
WY152.5 ม647 ฉ.6 
  Barcode: 28721
ห้องสมุดวิทยาเขตนครสวรรค์
►หนังสือทั่วไป:l:General Books
บนชั้น
8. วิทยาศาสตร์การแพทย์ และสุขภาพ
วิทยาศาสตร์การแพทย์ และสุขภาพ
WY152.5 ม647 ฉ.7 
  Barcode: 28722
ห้องสมุดวิทยาเขตนครสวรรค์
►หนังสือทั่วไป:l:General Books
บนชั้น
9. วิทยาศาสตร์การแพทย์ และสุขภาพ
วิทยาศาสตร์การแพทย์ และสุขภาพ
WY152.5 ม647 ฉ.8 
  Barcode: 28723
ห้องสมุดวิทยาเขตนครสวรรค์
►หนังสือทั่วไป:l:General Books
บนชั้น
10. วิทยาศาสตร์การแพทย์ และสุขภาพ
วิทยาศาสตร์การแพทย์ และสุขภาพ
WY152.5 ม647 ฉ.9 
  Barcode: 28724
ห้องสมุดวิทยาเขตนครสวรรค์
►หนังสือทั่วไป:l:General Books
บนชั้น

รายการใกล้เคียง
    หัวเรื่อง [การใช้สายสวนหลอดเลือดดำส่วนกลาง -- การพยาบาล]
    หัวเรื่อง [การใช้สายสวนหลอดเลือดดำส่วนกลาง -- วิธีการ]

BibComment


ยังไม่เคยถูกคอมเมนท์

คอมเมนท์ทรัพยากรรายการนี้
  คอมเมนท์: มาตรฐานการปฏิบัต..


 Copyright 2026. Bcnsprnw @Library